000 00785 a2200193 4500
003 NUST
005 20230602152822.0
020 _a0672312182
040 _cNust
082 _a005.43,NOR
100 _aNorton, Peter
_95031
245 _aPeter Norton's Maximizing Windows 98 Administration /
_cPeter Norton
260 _aNew Delhi
_bTechmedia
_c1998
300 _axxiv, 582p.;
505 _aPreparing To Run Windows 98 (Page-1,) Understanding The Windows 98 Architecture (Page-75), Configuring Windows 98 Clients (Page-115), Tuning Windows 98 (Page-157),Securing Windows 98 (Page-259), Participating On Intranets And Internets (Page-323), Troubleshooting Windows 98 (Page-391).
650 _aWindows 98
_975437
700 _aHoulette, Forrest
_9112969
942 _2ddc
_cBK
_k005.43,NOR
999 _c175721
_d175721